000 00720nam a2200217 a 4500
005 20240928063737.0
008 020926s2000 mx r 000 0 spa d
020 _a9701505433
035 _aUPN01000119655
049 _aCG
050 4 _aHD69 P7.5
_bD6.2
100 1 _aDomingo Ajenjo, Alberto
245 1 0 _aDirección y gestión de proyectos :
_bun enfoque práctico /
_cAlberto Domingo Ajenjo.
260 _aMéxico :
_bAlfaomega:
_bRA-MA,
_c2000.
300 _axxv, 325 p. :
_bil. +
_e1 disquete ; 3 1/2 plg.
500 _a"Incluye disquete"
650 4 _aAdministración de proyectos
_9493
650 4 _aAdministración de proyectos industriales
_9345
650 4 _aEmpresas
_xAdministración
_9229
905 _aLibro
999 _c92007
_d92007